| 000 | 00681nam a22002057a 4500 | ||
|---|---|---|---|
| 005 | 20230921121728.0 | ||
| 010 | _aENG-138225 | ||
| 020 |
_a9788196078003 _c130.00 |
||
| 035 | _aEN-121757 | ||
| 037 | _bDBAD/PUB | ||
| 082 | _a574.628 | ||
| 245 |
_aBiodiversity of Western Ghats / _cEdited by Silvy Mathew; Jisha K and Sheeja T Tharakan |
||
| 260 |
_aKerala _bVimala College Publications |
||
| 270 |
_aVimala College (Autonomous), Thrissur _bKerala _e680009 |
||
| 300 |
_a310 p. _c25cm(pbk) |
||
| 700 |
_aMathew, Silvy _eEditor _956915 |
||
| 700 |
_aK, Jisha _eEditor _957252 |
||
| 700 |
_aTharakan, Sheeja T _eEditor _957253 |
||
| 942 |
_2ddc _cEN _h574.628 _mBIO |
||
| 999 |
_c198506 _d198506 |
||